|
|
|
|
| LEADER |
00818pam a22002418a 4500 |
| 001 |
00024073 |
| 005 |
20171026081025.0 |
| 008 |
110711s1990 ||||||engsd |
| 020 |
# |
# |
|a 007 100978 7
|
| 041 |
0 |
# |
|a eng
|
| 082 |
1 |
4 |
|a 428
|b M400S
|
| 100 |
1 |
# |
|a Werner, Patricia K.
|
| 245 |
1 |
0 |
|a Mosaic I
|b A content - Based grammar
|c Patricia K. Werner
|
| 250 |
# |
# |
|a 2nd ed.
|
| 260 |
# |
# |
|a New York
|b Mcgraw - Hill Pub.
|c 1990
|
| 300 |
# |
# |
|a 402 p.
|b ill.
|c 24 cm,
|
| 650 |
# |
4 |
|a Ngữ pháp
|
| 650 |
# |
4 |
|a Tiếng anh
|
| 852 |
# |
# |
|b Kho mượn
|j KM.0006839, KM.0006837, KM.0006836, KM.0006835
|
| 852 |
# |
# |
|b Kho đọc
|j KD.0008558
|
| 852 |
# |
# |
|j KD.0008558
|j KM.0006836
|j KM.0006837
|j KM.0006835
|j KM.0006839
|
| 910 |
0 |
# |
|a Ntuyet
|d 11/07/2011
|
| 980 |
# |
# |
|a Trung tâm Học liệu Lê Vũ Hùng, Trường Đại học Đồng Tháp
|